000 00561cam a2200181 4500500
005 20260329003236.0
041 _afre
042 _adc
100 1 0 _aGlucksmann, André
_eauthor
245 0 0 _aAndré Glucksmann. “Un combat permanent”
260 _c2015.
500 _a12
690 _aAndré Glucksmann
690 _atolérance
690 _aVoltaire
786 0 _nPhilosophie magazine | 87 | 3 | 2015-03-01 | p. 70-70 | 1951-1787
856 4 1 _uhttps://shs.cairn.info/magazine-philosophie-magazine-2015-3-page-70?lang=fr&redirect-ssocas=7080
999 _c1822711
_d1822711